00602nam a22001697a 450000500170000001000150001702000270003203500140005903700130007308200130008624501280009926000260022727000850025330000340033850000420037270000180041420180409102844.0 aENG-122503 a9789380574882c1595.00 aEN-106035 bDBAD/PUB a388.4132 aThe state of cycle rickshaws :ced. by Rajindra Ravibidentity and struggle of cycle rickshaws in national capital region / aDelhibBookwellc2016 a3/79, Nirankari Colony, bDelhie110009k91-11-27601283mbkwell@nde.vsnl.net.in, a448p.bill. picturec23cm(Hb) aInclude bibliography [and] references dRajindra Ravi